Obnovljonnaja Rossija [učebnoje posobije po russkomu jazyku dlja inostrannych učaščichsja]
Uložené v:
| Hlavný autor: | |
|---|---|
| Ďalší autori: | |
| Médium: | Kniha |
| Jazyk: | Russian |
| Vydavateľské údaje: |
St. Petersburg
Moskva
2007
|
| Predmet: | |
| Tagy: |
Žiadne tagy, Buďte prvý, kto otaguje tento záznam!
|
MARC
| LEADER | 00000nam a2200000 4500 | ||
|---|---|---|---|
| 001 | 0179787 | ||
| 005 | 20240311130508.8 | ||
| 020 | |a 978-5-86547-442-5 | ||
| 041 | 0 | |a rus | |
| 044 | |a RU | ||
| 245 | 1 | 0 | |a Obnovljonnaja Rossija |b [učebnoje posobije po russkomu jazyku dlja inostrannych učaščichsja] |
| 264 | 1 | |a St. Petersburg |b Moskva |c 2007 | |
| 300 | |a 287 s. | ||
| 610 | 2 | 0 | |a jazykoveda |
| 610 | 2 | 0 | |a terminológia |
| 610 | 2 | 0 | |a ruština |
| 610 | 2 | 0 | |a cudzinci |
| 610 | 2 | 0 | |a spoločnosť |
| 610 | 2 | 0 | |a politika |
| 100 | 1 | |a Puchajeva, L.S. | |
| 700 | 1 | |a Oľchova, L.N. | |